[Event "SUI-ch U10"]
[Site "Belp"]
[Date "2010.07.04"]
[Round "6"]
[White "Poun, Piknoreak"]
[Black "Brandis, Benjamin"]
[Result "0-1"]
[WhiteElo "1586"]
[BlackElo "1599"]
[PlyCount "70"]
[EventDate "2010.07.01"]
[EventType "tourn"]
[EventRounds "7"]
[EventCountry "SUI"]
[SourceTitle "EXT 2012"]
[Source "ChessBase"]
[SourceDate "2011.11.24"]
[SourceVersion "1"]
[SourceVersionDate "2011.11.24"]
[SourceQuality "1"]

1. d4 d5 2. Nf3 Nf6 3. e3 Bf5 4. c4 c6 5. Nc3 e6 6. Be2 Bb4 7. 0-0 0-0 8. h3 Nbd7 9. a3 Bxc3 10. bxc3 Nb6 11. c5 Nbd7 12. Bb2 b6 13. cxb6 axb6 14. Nh4 c5 15. Nxf5 exf5 16. Qc2 Ne4 17. Bf3 Qg5 18. Qd1 c4 19. Bxe4 fxe4 20. f4 Qg3 21. Qe1 Qg6 22. Qh4 Nf6 23. g4 h6 24. Kh2 Ra5 25. Rg1 Rb5 26. Ra2 Nd7 27. g5 h5 28. Rf1 Rb3 29. Kh1 Ra8 30. f5 Qh7 31. Qg3 Ra5 32. g6 Qh6 33. Qc7 Qxe3 34. Bc1 Qxh3+ 35. Qh2 Qxf1+ 0-1